[Event "CAN-ch U10"]
[Site "Quebec"]
[Date "2008.07.16"]
[Round "5"]
[White "Gagne, Cory"]
[Black "Roberge, Alexandre"]
[Result "1-0"]
[WhiteElo "938"]
[BlackElo "889"]
[PlyCount "47"]
[EventDate "2008.07.14"]
[EventType "swiss"]
[EventRounds "7"]
[EventCountry "CAN"]
[SourceTitle "EXT 2011"]
[Source "ChessBase"]
[SourceDate "2010.11.26"]
[SourceVersion "1"]
[SourceVersionDate "2010.11.26"]
[SourceQuality "1"]

1. e4 e5 2. Nf3 Nc6 3. d3 Nf6 4. Bg5 Bc5 5. c3 Be7 6. d4 Nxe4 7. dxe5 Bxg5 8. Bb5 Be7 9. 0-0 0-0 10. Nbd2 Nc5 11. Nd4 Nxe5 12. Nf5 Ng6 13. Nxe7+ Qxe7 14. Re1 Qg5 15. g3 b6 16. Nf3 Qg4 17. h3 Qxh3 18. Ng5 Qf5 19. Qh5 h6 20. g4 Qd5 21. Red1 Re8 22. Rxd5 Nf4 23. Qxf7+ Kh8 24. Qxe8# 1-0